Spatial mechanisms : analysis and synthesis /

Bibliographic Details
Main Author: Dukkipati, Rao V.
Format: Book
Language:English
Published: Boca Raton, Fla. : New Delhi : CRC Press ; Narosa Pub. House, [2001]
Subjects:

MARC

Tag First Indicator Second Indicator Subfields
LEADER 00000cam a22000004a 4500
001 in00001616621
005 20151023060209.0
008 010326s2001 flua b 001 0 eng
010 |a  2001025940 
020 |a 0849309328 (alk. paper) 
035 |a (OCoLC)ocm46640835 
040 |a DLC  |c DLC  |d C#P  |d TXA  |d UtOrBLW 
042 |a pcc 
049 |a TXAM 
050 0 0 |a TJ175  |b .D774 2001 
082 0 0 |a 621.8/11  |2 21 
100 1 |a Dukkipati, Rao V. 
245 1 0 |a Spatial mechanisms :  |b analysis and synthesis /  |c Rao V. Dukkipati. 
264 1 |a Boca Raton, Fla. :  |b CRC Press ;  |a New Delhi :  |b Narosa Pub. House,  |c [2001] 
264 4 |c ©2001 
300 |a x, 367 pages :  |b illustrations ;  |c 25 cm. 
336 |a text  |b txt  |2 rdacontent 
337 |a unmediated  |b n  |2 rdamedia 
338 |a volume  |b nc  |2 rdacarrier 
504 |a Includes bibliographical references (pages [361]-363) and index. 
536 |a Given in memory of Douglas E. Broussard '44 by Sara and John H. Linsey '44 ; June, 2001. 
650 0 |a Machinery, Kinematics of. 
650 0 |a Links and link-motion. 
948 |a cataloged  |b h  |c 2001/7/9  |d c  |e pkellar  |f 4:02:58 pm 
994 |a E0  |b TXA 
999 |a MARS 
999 f f |s 1777c602-13e5-3df4-9d09-195ab26e0a2d  |i cf961eed-a9a4-3c8b-8d13-85fe601eab54  |t 0 
952 f f |p ric  |a Texas A&M University  |b Rellis Campus  |c Joint Library Facility  |d Remote Storage  |t 0  |e TJ175 .D774 2001  |h Library of Congress classification  |i unmediated -- volume  |m A14827855716 
998 f f |a TJ175 .D774 2001  |t 0  |l Remote Storage